00827cam a22002411 4500001001300000003000400013005001700017008004100034010001700075035001900092040002500111042001200136050001600148082001000164245016600174260003000340300005400370500001800424650004200442650005200484740003200536999001700568ca 34000981 DLC20260227111132.0800415s1934 dcu 000 0 eng  aca 34000981  a(OCoLC)6205746 aDLCcNmUdOCoLCdDLC apremarc00aE78.C15bP7 a970.500aProceedings of the conference for the Indians of southern California,cheld at Riverside, Cal., March 17 and 18, 1934, to discuss the Wheeler-Howard Indian bill. a[Washington? D.C.,c1934] a 2 p. l., 2-19, 19a, 20-66 numb. l., 1 l.c27 cm. aMimeographed. 0aIndians of North AmericazCalifornia. 0aIndians of North AmericaxGovernment relations.0 aWheeler-Howard Indian bill. c17422d17422